[Event "Youth Classic 2018 - Youth Open U14"]
[Site "Bad Soden-Neuenhain, Bürgerhau"]
[Date "2018.10.01"]
[Round "4.3"]
[White "Mader, Fabian"]
[Black "Gräf, Jakob"]
[Result "1-0"]
[WhiteElo "1204"]
[BlackElo "1520"]
[PlyCount "157"]
[EventDate "2018.??.??"]
[WhiteTeam "VfR-SC Koblenz"]
[BlackTeam "SV Frankfurt Nord"]

1. e4 c6 2. Nc3 d5 3. Nf3 dxe4 4. Nxe4 Bf5 5. Ng3 Bg6 6. h4 h6 7. Ne5 Bh7 8.
Qh5 g6 9. Qf3 Nf6 10. Qb3 Qd5 11. Qxb7 Qxe5+ 12. Be2 Nfd7 13. d4 Qa5+ 14. Bd2
Qd8 15. Qxa8 Qb6 16. O-O Bg7 17. Be3 O-O 18. d5 c5 19. Bf3 Ne5 20. Bxc5 Qxc5
21. Qb7 Nxf3+ 22. gxf3 Rd8 23. Rfd1 g5 24. hxg5 hxg5 25. Ne4 Bxe4 26. fxe4 Bd4
27. Rxd4 Qxd4 28. Qxe7 Rf8 29. Qxg5+ Qg7 30. Qxg7+ Kxg7 31. c4 Rc8 32. Rc1 Nd7
33. b3 Kf6 34. f3 Ke5 35. Kf2 Kd6 36. Ke3 Nc5 37. Kd4 a5 38. Rh1 f6 39. Rh6 Ke7
40. Rh7+ Kd6 41. Rf7 Nd7 42. Rh7 Rf8 43. Rh6 Re8 44. f4 Kc7 45. c5 Rf8 46. e5
fxe5+ 47. fxe5 Rf4+ 48. Ke3 Rg4 49. d6+ Kc6 50. e6 Nxc5 51. e7 Kd7 52. Rh8 Re4+
53. Kf3 Re6 54. Rd8+ Kc6 55. e8=Q+ Rxe8 56. Rxe8 Kxd6 57. Ra8 Kc6 58. Rxa5 Kb6
59. Ra8 Kb5 60. Ke3 Kb4 61. Kd4 Nd7 62. Ra4+ Kb5 63. Rc4 Nb6 64. a4+ Ka5 65.
Rc5+ Ka6 66. Rc6 Ka7 67. a5 Na8 68. b4 Kb7 69. b5 Nc7 70. Kc5 Na8 71. b6 Ka6
72. Rc8 Kb7 73. Rxa8 Kxa8 74. Kc6 Kb8 75. b7 Ka7 76. Kc7 Ka6 77. b8=Q Kxa5 78.
Qb3 Ka6 79. Qb6# 1-0

[Event "Youth Classic 2018 - Youth Open U14"]
[Site "Bad Soden-Neuenhain, Bürgerhau"]
[Date "2018.10.01"]
[Round "4.4"]
[White "Zhu, Andy"]
[Black "Riemann, Jonas"]
[Result "1/2-1/2"]
[WhiteElo "1444"]
[BlackElo "1785"]
[PlyCount "51"]
[EventDate "2018.??.??"]
[WhiteTeam "Frankfurter TV"]
[BlackTeam "SK Bickenbach"]

1. e4 e6 2. d4 d5 3. exd5 exd5 4. c4 Be6 5. Qb3 dxc4 6. Bxc4 Bxc4 7. Qxc4 Nd7
8. Nc3 Nb6 9. Qd3 Be7 10. Nf3 Nf6 11. O-O O-O 12. Re1 c6 13. Bg5 Nbd5 14. Nxd5
Nxd5 15. Bxe7 Nxe7 16. Ng5 Ng6 17. Qf5 Qf6 18. Qxf6 gxf6 19. Ne4 Kg7 20. Nd6
Rfd8 21. Nf5+ Kg8 22. Re4 Re8 23. Rae1 Rxe4 24. Rxe4 Rd8 25. h4 Rd5 26. g4
1/2-1/2

[Event "Youth Classic 2018 - Youth Open U14"]
[Site "Bad Soden-Neuenhain, Bürgerhau"]
[Date "2018.10.01"]
[Round "4.5"]
[White "Abou Wally, Adrian"]
[Black "Schmid, Leon"]
[Result "1-0"]
[WhiteElo "1313"]
[BlackElo "1144"]
[PlyCount "46"]
[EventDate "2018.??.??"]
[WhiteTeam "SV Schott Jena"]
[BlackTeam "SF Heidesheim"]

1. e4 e6 2. d4 d5 3. exd5 exd5 4. Nf3 Nf6 5. Nc3 Nc6 6. Bg5 Be7 7. Bd3 h6 8.
Bh4 O-O 9. O-O Bg4 10. h3 Bh5 11. Re1 Nxd4 12. Be2 Nxe2+ 13. Qxe2 Re8 14. Qd3
Bxf3 15. Qxf3 c6 16. Re2 Kf8 17. Rae1 a6 18. Bxf6 Bxf6 19. Rxe8+ Qxe8 20. Rxe8+
Rxe8 21. Kf1 b5 22. b3 h5 23. a4 g5 1-0

[Event "Youth Classic 2018 - Youth Open U14"]
[Site "Bad Soden-Neuenhain, Bürgerhau"]
[Date "2018.10.01"]
[Round "4.6"]
[White "Welker, Alexandra"]
[Black "Buchholz, Maja"]
[Result "0-1"]
[WhiteElo "1308"]
[BlackElo "1327"]
[PlyCount "92"]
[EventDate "2018.??.??"]
[WhiteTeam "TuS Makkabi"]
[BlackTeam "SK Langen"]

1. d4 Nf6 2. c4 g6 3. Nc3 Bg7 4. Nf3 O-O 5. e4 d6 6. e5 dxe5 7. Nxe5 b6 8. Be3
Bb7 9. Nf3 Nbd7 10. Be2 e6 11. O-O c5 12. Qd2 Ng4 13. dxc5 Nxe3 14. Qxe3 Nxc5
15. Rfd1 Qc7 16. b4 Nd7 17. Rac1 Ne5 18. Nxe5 Bxe5 19. h3 Bf4 20. Nb5 Qc6 21.
Qf3 Qxf3 22. Bxf3 Bxf3 23. gxf3 Bxc1 24. Rxc1 a6 25. Nd6 Rfd8 26. c5 bxc5 27.
bxc5 Ra7 28. Ne4 Kg7 29. c6 Rc7 30. Rc3 Rdc8 31. Ra3 Rxc6 32. Kg2 Ra8 33. Ra5
Rb6 34. Nc5 Rb5 35. Rxa6 Rxa6 36. Nxa6 Ra5 37. Nc7 Kf8 38. a4 Rxa4 39. Nb5 Ra6
40. Kg3 e5 41. Nc3 f5 42. Kh4 Rd6 43. Kg5 Kg7 44. f4 h6+ 45. Kh4 Rd4 46. Ne2
Re4 0-1

[Event "Youth Classic 2018 - Youth Open U14"]
[Site "Bad Soden-Neuenhain, Bürgerhau"]
[Date "2018.10.01"]
[Round "4.7"]
[White "Plaumann, Arvin"]
[Black "Viebahn, Tim"]
[Result "1-0"]
[WhiteElo "1269"]
[BlackElo "1154"]
[PlyCount "53"]
[EventDate "2018.??.??"]
[WhiteTeam "SF Heidesheim"]
[BlackTeam "SV Oberursel"]

1. e4 e5 2. Nf3 Nc6 3. Bc4 Bc5 4. d3 d6 5. c3 Nf6 6. Bb3 Bg4 7. h3 Bxf3 8. Qxf3
O-O 9. Qg3 g6 10. Nd2 Nh5 11. Qf3 Qf6 12. Qxf6 Nxf6 13. Nf3 Nh5 14. Bh6 Rfe8
15. g4 Nf4 16. Bxf4 exf4 17. h4 Ne5 18. Nxe5 dxe5 19. h5 Kg7 20. Ke2 Rad8 21.
Rh3 Rd6 22. g5 gxh5 23. Rxh5 Red8 24. Rah1 Rxd3 25. Rxh7+ Kf8 26. Rxf7+ Ke8 27.
Rh8+ 1-0

[Event "Youth Classic 2018 - Youth Open U14"]
[Site "Bad Soden-Neuenhain, Bürgerhau"]
[Date "2018.10.01"]
[Round "4.8"]
[White "Hery, Bastian"]
[Black "Czinkota, Michael"]
[Result "0-1"]
[WhiteElo "1096"]
[BlackElo "1267"]
[PlyCount "42"]
[EventDate "2018.??.??"]
[WhiteTeam "Vorw.Orient Mainz"]
[BlackTeam "SC Bad Soden"]

1. e4 e5 2. Nf3 Nc6 3. Bc4 Bc5 4. c3 Nf6 5. d4 exd4 6. cxd4 Bb6 7. d5 Na5 8.
Bd3 d6 9. b4 Nc4 10. Bxc4 Nxe4 11. Qe2 f5 12. Nc3 O-O 13. Nxe4 fxe4 14. Ng5
Rxf2 15. Qxe4 Bf5 16. Ne6 Qf6 17. Be3 Bxe4 18. Bxf2 Qxa1+ 19. Ke2 Qxh1 20. Be1
Qxg2+ 21. Kd1 Qc2# 0-1

[Event "Youth Classic 2018 - Youth Open U14"]
[Site "Bad Soden-Neuenhain, Bürgerhau"]
[Date "2018.10.01"]
[Round "4.9"]
[White "Goetz, Fenja"]
[Black "Richter, Tim"]
[Result "1-0"]
[WhiteElo "1343"]
[BlackElo "1115"]
[PlyCount "57"]
[EventDate "2018.??.??"]
[WhiteTeam "SK Bad Homburg"]
[BlackTeam "SF Heidesheim"]

1. e4 e6 2. d4 d5 3. Nc3 Bb4 4. exd5 exd5 5. Nf3 Nf6 6. Bd3 Be6 7. O-O Nc6 8.
Re1 O-O 9. Bf4 Bd6 10. Bxd6 Qxd6 11. h3 Rfe8 12. Re3 Ne7 13. Na4 Bf5 14. Nc5 b6
15. Nb3 c5 16. c4 Bxd3 17. Qxd3 dxc4 18. Qxc4 Qd5 19. Rc1 Qxc4 20. Rxc4 cxd4
21. Nbxd4 Ned5 22. Rxe8+ Rxe8 23. Kf1 Re4 24. Rc6 g6 25. Rd6 Kf8 26. Nc6 a5 27.
Ng5 Rc4 28. Ne5 Nf4 29. Nxc4 1-0

[Event "Youth Classic 2018 - Youth Open U14"]
[Site "Bad Soden-Neuenhain, Bürgerhau"]
[Date "2018.10.01"]
[Round "4.10"]
[White "Gärtner, Johannes"]
[Black "von Beckh, Frieda"]
[Result "0-1"]
[WhiteElo "1071"]
[BlackElo "1262"]
[PlyCount "110"]
[EventDate "2018.??.??"]
[WhiteTeam "SF Heidesheim"]
[BlackTeam "SC Eschborn"]

1. d4 d5 2. Bf4 e6 3. e3 Bd7 4. Nd2 c5 5. c3 Nf6 6. Ngf3 Nc6 7. Bd3 a6 8. O-O
b5 9. a4 c4 10. Bc2 b4 11. Ne5 Nxe5 12. Bxe5 b3 13. Bxb3 cxb3 14. Qxb3 Ng4 15.
Bg3 Be7 16. Qb7 O-O 17. Qc7 Qxc7 18. Bxc7 Rfc8 19. Bf4 h5 20. Rfc1 g5 21. h3
gxf4 22. hxg4 fxe3 23. fxe3 hxg4 24. Kf2 Rab8 25. b3 Bh4+ 26. Ke2 Kg7 27. Rh1
Bg5 28. Rac1 f5 29. g3 a5 30. Rh5 Kg6 31. Rhh1 Bf6 32. Kf2 e5 33. Rhg1 exd4 34.
exd4 Bg5 35. Ke2 Bxd2 36. Kxd2 Rxb3 37. Kc2 Rbxc3+ 38. Kb2 Rxc1 39. Rxc1 Rxc1
40. Kxc1 Bxa4 41. Kd2 Bb3 42. Kc3 a4 43. Kb2 Kg5 44. Ka3 f4 45. gxf4+ Kxf4 46.
Kb2 g3 47. Ka3 g2 48. Kb2 g1=Q 49. Ka3 Qa1+ 50. Kb4 Bc4 51. Ka5 a3 52. Ka4 a2
53. Ka5 Qb2 54. Ka4 Qb3+ 55. Ka5 Qb5# 0-1

[Event "Youth Classic 2018 - Youth Open U14"]
[Site "Bad Soden-Neuenhain, Bürgerhau"]
[Date "2018.10.01"]
[Round "4.11"]
[White "Seemann, Max"]
[Black "Haller, Andreas"]
[Result "0-1"]
[WhiteElo "1060"]
[BlackElo "1185"]
[PlyCount "62"]
[EventDate "2018.??.??"]
[WhiteTeam "SG Idstein"]
[BlackTeam "SC Bad Soden"]

1. e4 e5 2. Nf3 Nc6 3. Bb5 Nf6 4. Nc3 Bc5 5. d3 h6 6. Be3 Bb6 7. Qd2 d5 8. O-O
d4 9. Nd5 dxe3 10. Nxe3 Bd7 11. Bxc6 Bxc6 12. Nxe5 Bxe4 13. Qb4 Bh7 14. Qc4 O-O
15. Rfe1 Qd4 16. N3g4 Nxg4 17. Nxg4 Qxc4 18. dxc4 Bxc2 19. Rac1 Bd3 20. Ne5 Bf5
21. b3 Rad8 22. Re2 Rfe8 23. Kf1 f6 24. Nf3 Bd3 25. Ng1 Bxe2+ 26. Nxe2 Rd2 27.
Nc3 Rxf2+ 28. Kg1 Rc2+ 29. c5 Bxc5+ 30. Kf1 Rxc1+ 31. Nd1 Rxd1# 0-1

[Event "Youth Classic 2018 - Youth Open U14"]
[Site "Bad Soden-Neuenhain, Bürgerhau"]
[Date "2018.10.01"]
[Round "4.12"]
[White "Ruppert, Henry"]
[Black "Coskun, Eray"]
[Result "1-0"]
[WhiteElo "1162"]
[BlackElo "1015"]
[PlyCount "115"]
[EventDate "2018.??.??"]
[WhiteTeam "SC Flörsheim"]
[BlackTeam "SC Flörsheim"]

1. e4 e5 2. Nf3 Nc6 3. Bb5 Nf6 4. O-O Bc5 5. d3 h6 6. c3 d6 7. Nbd2 Bd7 8. Re1
O-O 9. Nf1 Re8 10. Ng3 Ne7 11. Bxd7 Qxd7 12. d4 Bb6 13. dxe5 Ng4 14. Rf1 Ng6
15. exd6 cxd6 16. h3 Nf6 17. Nd2 Rad8 18. Kh1 Qc7 19. Qc2 d5 20. exd5 Bxf2 21.
d6 Qb6 22. Nde4 Nxe4 23. Nxe4 Bh4 24. g3 Bg5 25. Nxg5 hxg5 26. Bxg5 Rxd6 27.
Qf2 Qxf2 28. Rxf2 Rde6 29. Rd1 Re1+ 30. Rxe1 Rxe1+ 31. Kg2 Ne5 32. Rd2 f6 33.
Bf4 Nc4 34. Rf2 a5 35. b3 Nb6 36. Bc7 Nd7 37. Bxa5 Ne5 38. c4 Nd3 39. Bxe1 Nxf2
40. Bxf2 Kf7 41. Kf3 Ke6 42. g4 g5 43. Ke4 Kd6 44. Bd4 Ke6 45. b4 f5+ 46. gxf5+
Kf7 47. Ke5 Kg7 48. Ke6+ Kh6 49. Kf6 Kh5 50. Be3 g4 51. hxg4+ Kxg4 52. Kg6 Kf3
53. Bb6 Ke2 54. f6 Kd3 55. f7 Kxc4 56. f8=Q Kb5 57. Qc5+ Ka4 58. Qa5# 1-0

[Event "Youth Classic 2018 - Youth Open U14"]
[Site "Bad Soden-Neuenhain, Bürgerhau"]
[Date "2018.10.01"]
[Round "4.14"]
[White "Leithoff, Hans-Georg"]
[Black "Burkart, Lloyd Shang"]
[Result "0-1"]
[WhiteElo "1413"]
[BlackElo "1157"]
[PlyCount "62"]
[EventDate "2018.??.??"]
[WhiteTeam "SV Eisenach"]
[BlackTeam "TuS Makkabi"]

1. e4 c5 2. Nf3 e6 3. Qe2 Nc6 4. Nc3 Nge7 5. g3 g6 6. Bg2 Bg7 7. d3 O-O 8. O-O
d5 9. exd5 exd5 10. Bg5 Re8 11. Rfe1 Be6 12. Nd2 h6 13. Bxe7 Rxe7 14. Nxd5 Bxd5
15. Qg4 Bxg2 16. Kxg2 Rxe1 17. Rxe1 Bxb2 18. Nc4 Bg7 19. Qf4 Qd5+ 20. Re4 f5
21. Ne3 Qd7 22. Rc4 b6 23. Qf3 Re8 24. Kf1 Ne5 25. Qf4 Nxc4 26. Qxc4+ Qe6 27.
Qa6 Bd4 28. Qxa7 Bxe3 29. fxe3 Qxe3 30. Qxb6 Qf3+ 31. Kg1 Re1# 0-1

[Event "Youth Classic 2018 - Youth Open U14"]
[Site "Bad Soden-Neuenhain, Bürgerhau"]
[Date "2018.10.01"]
[Round "4.15"]
[White "Stapel, Max"]
[Black "Haller, Christian"]
[Result "0-1"]
[WhiteElo "1035"]
[BlackElo "1160"]
[PlyCount "52"]
[EventDate "2018.??.??"]
[WhiteTeam "SC Flörsheim"]
[BlackTeam "SC Bad Soden"]

1. e4 e5 2. Nf3 Nc6 3. Bc4 Bc5 4. d3 Nf6 5. O-O h6 6. Nc3 d6 7. Nd5 O-O 8. h3
Nxd5 9. Bxd5 Qf6 10. Be3 Bxe3 11. fxe3 Qg6 12. Rf2 Bxh3 13. Kf1 Be6 14. Bxe6
Qxe6 15. a4 f5 16. exf5 Rxf5 17. e4 Rf7 18. Qe2 Raf8 19. Rd1 Qg4 20. Rd2 Qg3
21. Qe3 Nd4 22. Ke1 Nxf3+ 23. gxf3 Rxf3 24. Qe2 Qg1+ 25. Rf1 Rxf1+ 26. Qxf1
Qxf1# 0-1

[Event "Youth Classic 2018 - Youth Open U14"]
[Site "Bad Soden-Neuenhain, Bürgerhau"]
[Date "2018.10.01"]
[Round "4.16"]
[White "Edelmann, Anastasija"]
[Black "Akhmatovski, Maxim"]
[Result "1-0"]
[WhiteElo "864"]
[BlackElo "1056"]
[PlyCount "71"]
[EventDate "2018.??.??"]
[WhiteTeam "SC Frankfurt-West"]
[BlackTeam "SV Oberursel"]

1. e4 e5 2. Nf3 Nc6 3. Nc3 Nf6 4. Bb5 a6 5. Bxc6 dxc6 6. Nxe5 Qd4 7. Nf3 Qd8 8.
d3 Bg4 9. Be3 Bd6 10. h3 Bxf3 11. Qxf3 O-O 12. d4 Bb4 13. O-O Bxc3 14. bxc3 Re8
15. e5 Nd5 16. Qg3 Nxc3 17. Rfe1 g6 18. Bh6 Nd5 19. e6 Rxe6 20. Rxe6 fxe6 21.
Qe5 Qf6 22. Qe4 Qf5 23. Qe2 Re8 24. c4 Nf6 25. g4 Qe4 26. Be3 b5 27. f3 Qxe3+
28. Qxe3 bxc4 29. Qf4 Nd5 30. Qd2 c3 31. Qd3 Rb8 32. Rc1 Rb2 33. Rxc3 Nxc3 34.
Qxc3 Rxa2 35. Qxc6 a5 36. Qxe6+ 1-0

[Event "Youth Classic 2018 - Youth Open U14"]
[Site "Bad Soden-Neuenhain, Bürgerhau"]
[Date "2018.10.01"]
[Round "4.17"]
[White "Politoukhin, Nikolaj"]
[Black "Wolf, Jonathan"]
[Result "1-0"]
[WhiteElo "982"]
[BlackElo "842"]
[PlyCount "41"]
[EventDate "2018.??.??"]
[WhiteTeam "SC Flörsheim"]
[BlackTeam "SV Frankfurt Nord"]

1. e4 e5 2. Nf3 Nc6 3. d4 Nf6 4. Nc3 Bb4 5. Bd3 d6 6. Bg5 Nxd4 7. Nxd4 exd4 8.
Bb5+ c6 9. Qxd4 Bxc3+ 10. Qxc3 cxb5 11. O-O Qb6 12. Bxf6 gxf6 13. Qxf6 Rg8 14.
Rad1 Bg4 15. Rxd6 Qc7 16. f3 Be6 17. Rfd1 Rg6 18. Qh8+ Ke7 19. Qxa8 Qc5+ 20.
R1d4 Bxa2 21. Qd8# 1-0

[Event "Youth Classic 2018 - Youth Open U14"]
[Site "Bad Soden-Neuenhain, Bürgerhau"]
[Date "2018.10.01"]
[Round "4.19"]
[White "Riemann, Adrian"]
[Black "Li, Toplink"]
[Result "1-0"]
[WhiteElo "933"]
[BlackElo "834"]
[PlyCount "63"]
[EventDate "2018.??.??"]
[WhiteTeam "SK Bickenbach"]
[BlackTeam "Frankfurter TV"]

1. e4 c6 2. d4 d5 3. Nc3 dxe4 4. Nxe4 Bf5 5. Bd3 Nd7 6. Ng3 Bxd3 7. Qxd3 e5 8.
Nf3 exd4 9. Qxd4 Ngf6 10. Bg5 Bc5 11. Qc3 h6 12. Bxf6 Qxf6 13. Qxf6 Nxf6 14.
O-O O-O 15. Nf5 Rfe8 16. Rfe1 Ne4 17. N3d4 Rad8 18. c3 Bb6 19. f3 Nf6 20. Rxe8+
Rxe8 21. Nd6 Rb8 22. Kf1 Bc7 23. N4f5 b5 24. Ne7+ Kh8 25. Nxf7+ Kh7 26. Nxc6
Rb7 27. Nce5 a6 28. Rd1 Rb6 29. Nd7 Re6 30. Nf8+ Kg8 31. Nxe6 Bb6 32. Rd6 1-0

[Event "Youth Classic 2018 - Youth Open U14"]
[Site "Bad Soden-Neuenhain, Bürgerhau"]
[Date "2018.10.01"]
[Round "4.20"]
[White "Tobias, Karolin"]
[Black "Gold, Jan Christian"]
[Result "0-1"]
[WhiteElo "910"]
[BlackElo "831"]
[PlyCount "136"]
[EventDate "2018.??.??"]
[WhiteTeam "SV Oberursel"]
[BlackTeam "SK Bad Homburg"]

1. e4 e5 2. Nf3 Nc6 3. Bc4 Bc5 4. Nc3 Nf6 5. d3 a6 6. Bg5 b5 7. Bb3 a5 8. a3 b4
9. axb4 Bxb4 10. O-O Bb7 11. Nd5 d6 12. Nh4 Nd4 13. c3 Nxb3 14. Qxb3 Bc5 15.
Qd1 Bxd5 16. exd5 O-O 17. Qf3 h6 18. Be3 Bxe3 19. fxe3 Nxd5 20. Nf5 Ne7 21. Qg4
Nxf5 22. Rxf5 g6 23. Rf3 c6 24. Raf1 Rb8 25. Qh3 Kg7 26. Qg4 Qg5 27. Qh3 h5 28.
Rg3 Qh6 29. Qh4 f6 30. Rgf3 g5 31. Qc4 Rfc8 32. Qe6 Rf8 33. d4 Rxb2 34. Qxd6
exd4 35. cxd4 Rc2 36. e4 Qg6 37. e5 Qe4 38. exf6+ Kg8 39. f7+ Kg7 40. Qf6+ Kh7
41. Qxg5 Qg4 42. Rg3 Qxg5 43. Rxg5 a4 44. Rxh5+ Kg6 45. Rhf5 a3 46. h4 a2 47.
Rg5+ Kh7 48. Kh2 Rb2 49. Kh3 Rb1 50. Rh5+ Kg7 51. Rg5+ Kh6 52. Rf6+ Kh7 53.
Rh5+ Kg7 54. Rhh6 Rxf7 55. Rfg6+ Kf8 56. Rh8+ Ke7 57. Rxc6 a1=Q 58. Rc7+ Kf6
59. Rxf7+ Kxf7 60. Rh7+ Kg6 61. Rd7 Rd1 62. Rd6+ Kf5 63. Rd5+ Ke4 64. Re5+ Kxd4
65. Re8 Qc3+ 66. g3 Rh1+ 67. Kg4 Rg1 68. Kh3 Qxg3# 0-1

[Event "Youth Classic 2018 - Youth Open U14"]
[Site "Bad Soden-Neuenhain, Bürgerhau"]
[Date "2018.10.01"]
[Round "4.22"]
[White "Nastassine, Tatiana"]
[Black "Staab, Aaron"]
[Result "1-0"]
[WhiteElo "737"]
[BlackElo "875"]
[PlyCount "71"]
[EventDate "2018.??.??"]
[WhiteTeam "Frankfurter TV"]
[BlackTeam "SC Nidderau"]

1. e4 e5 2. Nf3 Nc6 3. Bc4 Bc5 4. d3 d6 5. h3 h6 6. O-O Nf6 7. Be3 O-O 8. Bxc5
dxc5 9. Nbd2 Nd4 10. c3 Nc6 11. Re1 Re8 12. Nf1 Be6 13. Bb3 Na5 14. Bc2 c4 15.
Ng3 cxd3 16. Bxd3 Bc4 17. Bxc4 Qxd1 18. Raxd1 Nxc4 19. b3 Nb2 20. Rd2 h5 21.
Rxb2 Rad8 22. Rbb1 Rd3 23. c4 a6 24. Ra1 b5 25. Rac1 b4 26. c5 c6 27. Ra1 Rc3
28. a4 Rxc5 29. Ra2 Rc3 30. Rd2 Rxb3 31. Red1 Ra3 32. Ng5 Nd5 33. exd5 Rd8 34.
dxc6 Rxd2 35. Rxd2 Rc3 36. Rd8# 1-0

[Event "Youth Classic 2018 - Youth Open U14"]
[Site "Bad Soden-Neuenhain, Bürgerhau"]
[Date "2018.10.01"]
[Round "4.24"]
[White "Nonn, Julian"]
[Black "Wagner, Maribel"]
[Result "1-0"]
[WhiteElo "802"]
[BlackElo "754"]
[PlyCount "125"]
[EventDate "2018.??.??"]
[WhiteTeam "SVG Eppstein"]
[BlackTeam "SC Bad Soden"]

1. e4 e5 2. Nf3 Nc6 3. Bc4 Bb4 4. Nc3 Nf6 5. d3 d6 6. O-O O-O 7. Bg5 Bg4 8. h3
Bh5 9. g4 Bg6 10. Bh4 a6 11. a3 Ba5 12. b4 Bb6 13. g5 Nd7 14. Qe2 Bh5 15. g6
Qc8 16. gxf7+ Kh8 17. Be6 Bxf7 18. Bxd7 Qxd7 19. Ng5 h6 20. Nxf7+ Rxf7 21. Qg4
Qe8 22. Nd5 Qg8 23. Nxb6 cxb6 24. Qe6 Nd4 25. Qd5 Nf3+ 26. Kh1 Qf8 27. Bg3 Re7
28. Qxd6 Qc8 29. Kg2 Rf7 30. Bxe5 Qe8 31. d4 Rd8 32. Qc7 Nh4+ 33. Kg1 Rxc7 34.
Bxc7 Qg6+ 35. Bg3 Nf3+ 36. Kg2 Rf8 37. e5 Qf5 38. e6 Qg6 39. d5 Nh4+ 40. Kg1
Qf5 41. e7 Rg8 42. Bxh4 g5 43. Bg3 h5 44. Rfe1 Qxh3 45. Be5+ Kh7 46. Bd4 g4 47.
e8=Q Rxe8 48. Rxe8 g3 49. fxg3 Qxg3+ 50. Kf1 Qf3+ 51. Ke1 Qg3+ 52. Kd2 Qg2+ 53.
Re2 Qg5+ 54. Kc3 Qg3+ 55. Kb2 Qg4 56. Re7+ Kg6 57. Rg1 Kg5 58. Rxg4+ hxg4 59.
d6 Kh4 60. d7 g3 61. d8=Q Kh3 62. Qg8 g2 63. Rh7# 1-0

[Event "Youth Classic 2018 - Youth Open U14"]
[Site "Bad Soden-Neuenhain, Bürgerhau"]
[Date "2018.10.01"]
[Round "5.1"]
[White "Gallasch, Jonas"]
[Black "Haack, Kevin"]
[Result "1/2-1/2"]
[WhiteElo "2045"]
[BlackElo "1870"]
[PlyCount "86"]
[EventDate "2018.??.??"]
[WhiteTeam "SG Porz"]
[BlackTeam "SC Bad Soden"]

1. d4 Nf6 2. c4 c5 3. d5 b5 4. a4 b4 5. g3 g6 6. b3 Bg7 7. Bb2 d6 8. Bg2 O-O 9.
Nd2 Nbd7 10. e4 Bb7 11. Ngf3 Re8 12. Qc2 e5 13. O-O Nf8 14. Ne1 Ng4 15. h3 Nh6
16. Nd3 Bc8 17. Rae1 Qg5 18. Qd1 Qe7 19. Kh2 Nd7 20. Qa1 a5 21. f4 f6 22. Nf3
Nf7 23. Kg1 Bb7 24. Rf2 Rf8 25. Kf1 Rae8 26. Ree2 Bc8 27. Ke1 Nh6 28. Kd1 Qd8
29. Kc2 Qe7 30. Re1 Nf7 31. Kb1 Kh8 32. Ka2 Kg8 33. g4 Bh8 34. Rfe2 Bg7 35. Qd1
Bh6 36. f5 g5 37. Bc1 Bg7 38. Bd2 h6 39. Rh1 Qd8 40. Nf2 Nb6 41. Rh2 Qd7 42.
Re1 Ba6 43. Bf1 Rb8 1/2-1/2

[Event "Youth Classic 2018 - Youth Open U14"]
[Site "Bad Soden-Neuenhain, Bürgerhau"]
[Date "2018.10.01"]
[Round "5.2"]
[White "Markosyan, Aleksandr"]
[Black "Mader, Fabian"]
[Result "1-0"]
[WhiteElo "1559"]
[BlackElo "1204"]
[PlyCount "97"]
[EventDate "2018.??.??"]
[WhiteTeam "SG Idstein"]
[BlackTeam "VfR-SC Koblenz"]

1. e4 e6 2. d4 d5 3. e5 c5 4. c3 Nc6 5. Nf3 Qb6 6. a3 cxd4 7. cxd4 Nge7 8. b4
Nf5 9. Bb2 a6 10. Bd3 Bd7 11. Bxf5 exf5 12. Nc3 Be6 13. Rc1 a5 14. b5 Na7 15.
Qb3 Rd8 16. O-O Be7 17. Rfd1 h6 18. Ne1 Bg5 19. Rc2 Nc8 20. Na4 Qa7 21. Rc7 Qb8
22. Qc2 b6 23. Nf3 Be7 24. Rc1 Na7 25. Qb3 Rd7 26. Rxd7 Bxd7 27. Nc3 Qb7 28.
Nxd5 Nxb5 29. a4 Be6 30. Qxb5+ Kf8 31. Nxe7 Kxe7 32. Ba3+ Kd8 33. Bc5 Qe4 34.
Bxb6+ Ke7 35. Rc7+ Kf8 36. Bxa5 g5 37. Bb4+ Kg7 38. h3 Qb1+ 39. Kh2 Qa2 40. Qb6
Rf8 41. Bxf8+ Kxf8 42. Qd6+ Kg7 43. Rb7 f4 44. Rb8 Qxf2 45. Qe7 Kg6 46. Qf6+
Kh5 47. Rh8 Qg3+ 48. Kh1 Bxh3 49. Rxh6+ 1-0

[Event "Youth Classic 2018 - Youth Open U14"]
[Site "Bad Soden-Neuenhain, Bürgerhau"]
[Date "2018.10.01"]
[Round "5.3"]
[White "Riemann, Jonas"]
[Black "Plaumann, Arvin"]
[Result "1-0"]
[WhiteElo "1785"]
[BlackElo "1269"]
[PlyCount "111"]
[EventDate "2018.??.??"]
[WhiteTeam "SK Bickenbach"]
[BlackTeam "SF Heidesheim"]

1. e4 e6 2. d4 d5 3. Nd2 c5 4. exd5 Qxd5 5. Ngf3 cxd4 6. Bc4 Qh5 7. Nb3 Nf6 8.
Nbxd4 Bc5 9. Nb3 O-O 10. Nxc5 Qxc5 11. Qe2 Nc6 12. O-O Re8 13. Be3 Qh5 14. Nd4
Qxe2 15. Bxe2 Nxd4 16. Bxd4 e5 17. Be3 Bf5 18. c3 Nd5 19. Rad1 Nxe3 20. fxe3
Be6 21. b3 Red8 22. Bf3 f6 23. Bxb7 Rab8 24. Bf3 g5 25. Be2 Kf7 26. Rxd8 Rxd8
27. Rd1 Rxd1+ 28. Bxd1 f5 29. Kf2 Bd5 30. Bc2 f4 31. g3 h5 32. gxf4 gxf4 33.
exf4 exf4 34. Bd1 h4 35. Bf3 Be6 36. c4 Kf6 37. Bd5 Bg4 38. b4 Ke5 39. a4 Kd4
40. a5 Ke5 41. b5 Kd6 42. b6 a6 43. b7 Kc7 44. c5 Kb8 45. c6 Bd1 46. Bf3 Ba4
47. Kg2 Kc7 48. Kh3 Bb3 49. Kxh4 Be6 50. Kg5 Bc4 51. Kxf4 Kb8 52. h4 Bf7 53.
Ke5 Bc4 54. Kd6 Bf7 55. c7+ Ka7 56. b8=Q# 1-0

[Event "Youth Classic 2018 - Youth Open U14"]
[Site "Bad Soden-Neuenhain, Bürgerhau"]
[Date "2018.10.01"]
[Round "5.4"]
[White "von Beckh, Frieda"]
[Black "Lorenz, Alexander"]
[Result "0-1"]
[WhiteElo "1262"]
[BlackElo "1748"]
[PlyCount "110"]
[EventDate "2018.??.??"]
[WhiteTeam "SC Eschborn"]
[BlackTeam "SV Bergwinkel"]

1. e4 c5 2. d4 cxd4 3. c3 dxc3 4. Nxc3 g6 5. Nf3 Bg7 6. Bd2 e6 7. Bc4 Ne7 8.
O-O Nbc6 9. Qe2 O-O 10. Rfd1 a6 11. a4 Ne5 12. Nxe5 Bxe5 13. Bh6 Bg7 14. Bxg7
Kxg7 15. Rd3 Nc6 16. Qd2 Ne5 17. Rh3 h5 18. Be2 d5 19. Rd1 Nc6 20. Rg3 h4 21.
Rf3 d4 22. Na2 e5 23. g3 h3 24. Nb4 Nxb4 25. Qxb4 Bg4 26. Rxf7+ Rxf7 27. Bxg4
Qf6 28. Rd2 Qg5 29. Bxh3 a5 30. f4 exf4 31. Qxd4+ Kh7 32. Rd3 fxg3 33. hxg3
Raf8 34. e5 Rf3 35. g4 Rxd3 36. Qxd3 Qc1+ 37. Bf1 Qxb2 38. Qd7+ Kh6 39. Qd3
Qf2+ 40. Kh1 Qxf1+ 41. Qxf1 Rxf1+ 42. Kg2 Ra1 43. Kf2 Rxa4 44. Kf3 Ra3+ 45. Kf4
Ra1 46. Ke4 Re1+ 47. Kd5 a4 48. e6 a3 49. Kd6 a2 50. e7 a1=Q 51. Kd7 Qe5 52.
g5+ Kxg5 53. Kc8 Qxe7 54. Kb8 Ra1 55. Kc8 Ra8# 0-1

[Event "Youth Classic 2018 - Youth Open U14"]
[Site "Bad Soden-Neuenhain, Bürgerhau"]
[Date "2018.10.01"]
[Round "5.5"]
[White "Czinkota, Michael"]
[Black "Zhu, Andy"]
[Result "0-1"]
[WhiteElo "1267"]
[BlackElo "1444"]
[PlyCount "54"]
[EventDate "2018.??.??"]
[WhiteTeam "SC Bad Soden"]
[BlackTeam "Frankfurter TV"]

1. e4 e5 2. Nf3 Nc6 3. Bc4 Nf6 4. d3 Bc5 5. c3 d6 6. Bb3 O-O 7. Nbd2 Bg4 8. h3
Be6 9. Nf1 Ne7 10. Ng3 Ng6 11. Bc2 c6 12. d4 exd4 13. cxd4 Bb4+ 14. Bd2 Bxd2+
15. Qxd2 d5 16. e5 Nd7 17. O-O c5 18. b3 Qc7 19. Qd3 cxd4 20. Rac1 Ndxe5 21.
Nxe5 Qxe5 22. Rfe1 Qg5 23. Qxd4 Nf4 24. Re5 Nxh3+ 25. gxh3 Qxc1+ 26. Kg2 Qxc2
27. Nh5 Qg6+ 0-1

[Event "Youth Classic 2018 - Youth Open U14"]
[Site "Bad Soden-Neuenhain, Bürgerhau"]
[Date "2018.10.01"]
[Round "5.6"]
[White "Gräf, Jakob"]
[Black "Goetz, Fenja"]
[Result "1-0"]
[WhiteElo "1520"]
[BlackElo "1343"]
[PlyCount "45"]
[EventDate "2018.??.??"]
[WhiteTeam "SV Frankfurt Nord"]
[BlackTeam "SK Bad Homburg"]

1. e4 c5 2. c3 Nc6 3. d4 cxd4 4. cxd4 d6 5. Nf3 Bg4 6. Be3 Nf6 7. Nc3 Qa5 8.
Bd3 g6 9. O-O Bg7 10. h3 Bd7 11. a3 O-O 12. d5 Ne5 13. Nxe5 dxe5 14. Rc1 Rac8
15. Qb3 b6 16. f3 Nh5 17. g4 Nf4 18. Bxf4 exf4 19. Kg2 e6 20. Bc4 exd5 21. Nxd5
Rfe8 22. Nxf4 Qg5 23. Bxf7+ 1-0